| 000 | 00498nam a22001817a 4500 | ||
|---|---|---|---|
| 005 | 20251009112831.0 | ||
| 008 | 251008b |||||||| |||| 00| 0 eng d | ||
| 020 | _a978-93-87922-96-9 | ||
| 041 | _aeng | ||
| 082 | _a158.1 | ||
| 100 |
_aDUBEY,ANUBHUTI AND SHUKLA, ARADHANA _98713 |
||
| 245 | _aCOMMUNICATION SKILL AND PERSONALITY DEVELOPMENT: with multiple questions answers | ||
| 250 | _a2nd ed. 2025 | ||
| 260 |
_aDELHI _bANU BOOKS |
||
| 300 | _a172;P | ||
| 650 | _aMANAGEMENT | ||
| 942 | _cBK | ||
| 999 |
_c8887 _d8885 |
||